Haikyu!! : 2 / (Record no. 49351)
| 000 -LEADER | |
|---|---|
| fixed length control field | 01328nam a2200145 4500 |
| 020 ## - INTERNATIONAL STANDARD BOOK NUMBER | |
| International Standard Book Number | 9781421587677 |
| 245 ## - TITLE STATEMENT | |
| Title | Haikyu!! : 2 / |
| Remainder of title | Shonen jump manga edition. |
| Statement of responsibility, etc | Story And Art by Haruichi Furudate. |
| 260 ## - PUBLICATION, DISTRIBUTION, ETC. (IMPRINT) | |
| Place of publication, distribution, etc | San Francisco : |
| Name of publisher, distributor, etc | VIZ Media ; |
| Date of publication, distribution, etc | 2024. |
| 300 ## - PHYSICAL DESCRIPTION | |
| Extent | 200 pages. |
| Dimensions | 7.5 x 0.7 x 5 inches. |
| 490 ## - SERIES STATEMENT | |
| Series statement | Haikyu : |
| Volume number/sequential designation | 2 |
| 500 ## - GENERAL NOTE | |
| General note | Shoyo Hinata is out to prove that in volleyball you don't need to be tall to fly!<br/><br/>After proving themselves to be the ultimate combination in their practice match against Kei Tsukishima, Kageyama and Hinata are finally allowed to join the club! Hinata’s true power—to perfectly time his spikes with his eyes closed—is awakened, and nothing can seem to stop this crazy setter-spiker duo. Now their skills are about to be put to the test at a practice game against one of Kageyama’s former teammates from middle school, Tohru Oikawa.<br/><br/>After proving themselves to be the ultimate combination in their practice match against Kei Tsukishima, Kageyama and Hinata are finally allowed to join the club! Hinata’s true power—to perfectly time his spikes with his eyes closed—is awakened, and nothing can seem to stop this crazy setter-spiker duo. |
| 650 ## - SUBJECT ADDED ENTRY--TOPICAL TERM | |
| 9 (RLIN) | 79779 |
| Topical term or geographic name as entry element | JUVENILE FICTION / Sports & Recreation / Basketball. |
| 650 ## - SUBJECT ADDED ENTRY--TOPICAL TERM | |
| 9 (RLIN) | 13270 |
| Topical term or geographic name as entry element | Friendship |
| General subdivision | Fiction. |
| 942 ## - ADDED ENTRY ELEMENTS (KOHA) | |
| Source of classification or shelving scheme | |
| Koha item type | Book |
| Withdrawn status | Lost status | Source of classification or shelving scheme | Damaged status | Not for loan | Home library | Current library | Date acquired | Total Checkouts | Full call number | Barcode | Checked out | Date last seen | Date checked out | Price effective from | Koha item type |
|---|---|---|---|---|---|---|---|---|---|---|---|---|---|---|---|
| Logos International School | Logos International School | 08/19/2025 | 11 | GRAPHIX HAR JAP | 042868 | 08/10/2026 | 03/24/2026 | 03/24/2026 | 08/19/2025 | Book |